Rozhodovanie v znalostnej spoločnosti

Vzájomný vzťah znalostí a rozhodovania. Modelové prístupy k rozhodovaniu z pohľadu znalostí. Integračný modelový prístup k rozhodovaniu. VDL (Vertical Dyad Linkage) modelový prístup k rozhodovaniu. Procesný modelový prístup k rozhodovaniu. Participatívny modelový prístup k rozhodovaniu. Modelový prí...

Descrizione completa

Salvato in:
Dettagli Bibliografici
Autore principale: Jankelová, Nadežda, 1966-
Altri autori: Remeňová, Katarína, 1982-
Natura: Capitolo di libro
Lingua:slovacco
Soggetti:
Tags: Aggiungi Tag
Nessun Tag, puoi essere il primo ad aggiungerne!!

MARC

LEADER 00000naa$a2200000$$$4500
001 0248811
005 20240502083707.3
041 0 |a slo 
044 |a CZ 
245 1 0 |a Rozhodovanie v znalostnej spoločnosti  |c Nadežda Jankelová, Katarína Remeňová 
520 |a Vzájomný vzťah znalostí a rozhodovania. Modelové prístupy k rozhodovaniu z pohľadu znalostí. Integračný modelový prístup k rozhodovaniu. VDL (Vertical Dyad Linkage) modelový prístup k rozhodovaniu. Procesný modelový prístup k rozhodovaniu. Participatívny modelový prístup k rozhodovaniu. Modelový prístup založený na dôkazoch a faktoch. 
610 2 0 |a organizácie 
610 2 0 |a spoločnosti 
610 2 0 |a vedomosti 
610 2 0 |a rozhodovanie podnikové 
610 2 0 |a rozhodovanie manažérske 
610 2 0 |a procesy podnikové 
610 2 0 |a spoločnosť vedomostná 
100 1 |a Jankelová, Nadežda, 1966- 
700 1 |a Remeňová, Katarína, 1982-